Don Lúcas del Cigarral (Record no. 173983)

MARC details
000 -LEADER
campo de control de longitud fija 01207namaa22002411 4500
001 - NÚMERO DE CONTROL
campo de control 173983
003 - IDENTIFICADOR DE NÚMERO DE CONTROL
campo de control ES-MaACL
005 - FECHA Y HORA DE LA ÚLTIMA TRANSACCIÓN
campo de control 20250824053636.0
008 - DATOS DE LONGITUD FIJA--INFORMACIÓN GENERAL
campo de control de longitud fija 100204s1899 sp |||| | spa d
100 1# - ENTRADA PRINCIPAL--NOMBRE DE PERSONA
Nombre de persona Luceño, Tomás.
9 (RLIN) 74566
245 10 - MENCIÓN DEL TÍTULO
Título Don Lúcas del Cigarral
Resto del título : zarzuela en tres actos y en verso /
Mención de responsabilidad, etc. refundición de la comedia de D. Francisco de Rojas [Zorrilla] "Entre bobos anda el juego", libro de Tomás Luceño y Carlos Fernández Shaw ; música del maestro Amadeo Vives.
250 ## - MENCION DE EDICION
Mención de edición 2ª ed.
260 ## - PUBLICACIÓN, DISTRIBUCIÓN, ETC.
Lugar de publicación, distribución, etc. Madrid :
Nombre del editor, distribuidor, etc. Sociedad de Autores Españoles :
-- Arregui y Aruej,
Fecha de publicación, distribución, etc. 1899 (
Fabricante R. Velasco)
300 ## - DESCRIPCIÓN FÍSICA
Extensión 102 p., 1 h. ;
Dimensiones 20 cm.
490 1# - MENCIÓN DE SERIE
Mención de serie Biblioteca lírico-dramática y teatro cómico
500 ## - NOTA GENERAL
Nota general Es solo la letra.
500 ## - NOTA GENERAL
Nota general En port.: Estrenada en el teatro de Parish el 18 de febrero de 1899.
700 1# - ENTRADA AGREGADA--NOMBRE PERSONAL
Nombre de persona Fernández-Shaw, Carlos,
Fechas asociadas al nombre 1865-1911
9 (RLIN) 50098
700 1# - ENTRADA AGREGADA--NOMBRE PERSONAL
Nombre de persona Vives, Amadeo,
Fechas asociadas al nombre 1871-1932
9 (RLIN) 115566
830 00 - PUNTO DE ACCESO ADICIONAL DE SERIE-TÍTULO UNIFORME
Título uniforme Biblioteca lirico-dramática y teatro cómico
9 (RLIN) 188056
852 ## - LOCALIZACIÓN
Ubicación ES-MaACL
Número de control de estantería F-8638(1)
Nota libre .- Enc. pasta española
-- .- Enc. en un vol. facticio formando parte de la col. facticia "Teatro español moderno", vol. 93
Holdings
Estatus retirado Estado de pérdida Estado de daño No para préstamo Colección Biblioteca de origen Biblioteca actual Ubicación en estantería Fecha de adquisición Fuente de adquisición Total de préstamos Signatura topográfica completa Código de barras Visto por última vez Precio de reemplazo Tipo de ítem Koha
        Libros del s. XIX Biblioteca del Ateneo de Madrid Biblioteca del Ateneo de Madrid Sala Pecera Planta 2 04/02/2010     F-8638(1) 1182630 23/02/2023 23/02/2023 Libro impreso antiguo